01698nam a2200409 i 450000100060000000300080000600500170001400600190003100700150005000800410006502000270010603500230013303500240015603500250018003500220020504000310022705000260025808000100028408200150029410000420030924502360035126400490058730000440063633600310068033700330071133800430074458801260078765000370091365000290095065000150097965000190099465500270101370000320104070000400107271101140111285600620122651114FlNmELB20241216232259.0m o d | cr cnu||||||||141005s2008 cu o 100 0 spa d a9789591604019 (e book) a(MiAaPQ)EBC3176573 a(Au-PeEL)EBL3176573 a(CaPaEBR)ebr10268793 a(OCoLC)1105426164 aFINmELBbspaerdacFINmELB 4aZ681.3.D53bP944 2008 a027.70 a025.842231 aPérez González, María Salomé.13aLa digitalizador de textos, base de la biblioteca digital :bsu impacto como apoyo a la docencia en la Universidad de las Ciencias Informáticas /cMaría Salomé Pérez González, Yadira Lara Lemus, Dunia Naranjo Hernández. 1aLa Habana :bEditorial Universitaria,c2008. a1 recurso en línea (ii, 13 páginas) atextobtxt2rdacontent/spa acomputadorabc2rdamedia/spa arecurso en líneabcr2rdacarrier/spa aDescripción basada en recurso en línea; Título de la página del título en PDF (e-libro, visto october 5, 2014). 0aLibrary materialsxDigitization. 0aEducation, HigherzCuba. 4aDocumento. 4aDigitalizador. 4aLibros electrónicos.1 aLara Lemus, Yadira,eautor.1 aNaranjo Hernández, Dunia,eautor.2 aEncuentro Nacional de Bibliotecas Universitariasn(2do :d2004 :cUniversidad de las Ciencias Informáticas)40uhttps://elibro.net/ereader/politecnicointernacional/71312